Le Sahara - Statistiques

Statistiques générales
  • Ce quiz a été pris 92 fois
    87 depuis la dernière actualisation
  • Le résultat moyen est 11 sur 11
Statistiques - réponses
Etats % Correct
Mali
100%
Maroc
100%
Soudan
100%
Libye
99%
Algérie
98%
Mauritanie
98%
Tchad
98%
Niger
96%
Egypte
95%
Tunisie
95%
Sénégal
76%
Aucun quiz correspondant
Distribution des résultats
% des personnes avec chaque résultat
Percentile par nombre de réponses
Votre historique - résultats
Vous n’avez pas pris ce quiz depuis la dernière actualisation